| 000 | 01092nam a2200241 a 4500 | ||
|---|---|---|---|
| 001 | 001186653 | ||
| 003 | AM-YeHGA | ||
| 005 | 20250618074618.0 | ||
| 008 | 161102s1893 ru r 000 0 ger d | ||
| 040 | _aAM-YeHGA | ||
| 041 | 0 |
_ager _arus |
|
| 100 | 1 | _aGoethe , Johan Wolfgang | |
| 245 | 1 | 0 |
_aHermann und Dorothea(Герман и Доротея. Гете) / _cGoethe;Текст со сведениями, примечаниями и словарем объяснил Макс Фишер. |
| 246 | 1 | 4 | _aГерман и Доротея. Гете |
| 250 | _a2е изд. | ||
| 260 |
_aС.-Петербург : _bИзд. С.А. Манштейна, _c1893. |
||
| 300 | _a[142] с. | ||
| 440 | 0 | _aИзбранные произведения немецких и французских писателей для классного и домашнего чтения | |
| 650 | 1 | 4 |
_aԳերմանական գրականություն _95149 |
| 700 | 1 |
_aФишер, Макс _eкоммент. _4cmm |
|
| 700 | 1 |
_aМанштейн, Сергей Андреевич _eизд. _4pbl |
|
| 090 | _c379562 | ||
| 999 |
_c377650 _d377650 |
||